| 000 | 00580nam a2200205 u 4500 | ||
|---|---|---|---|
| 005 | 20220531063710.0 | ||
| 008 | 120702s2009 r 000 0 eng d | ||
| 020 | _a9786071102782 | ||
| 035 | _aUPN01000185629 | ||
| 049 | _aCG | ||
| 050 | 4 |
_aPQ8519 O5.9 _bC8.2 |
|
| 100 | 1 |
_aOnetti, Juan Carlos, _d1909-1994 _938630 |
|
| 245 | 1 | 0 |
_aCuando ya no importe / _cJuan Carlos Onetti. |
| 260 |
_aMéxico : _bSantillana, _c2009. |
||
| 300 | _a170 p. | ||
| 650 | 4 |
_aNOVELA URUGUAYA - _ySIGLO XX _916459 |
|
| 650 | 7 |
_aLiteratura uruguaya _2 _95065 |
|
| 905 | _aLibro | ||
| 999 |
_c157732 _d157732 |
||